| 000 | 00545nam a2200205 a 4500 | ||
|---|---|---|---|
| 005 | 20140310183441.0 | ||
| 008 | 080509s19uu xx 00 eng d | ||
| 020 | _a9780826487483 | ||
| 050 |
_aRC 372 _b.P247 2006 |
||
| 100 | _aParkinson, Gill | ||
| 245 |
_aEpilepsy / _cGill Parkinson. |
||
| 260 |
_aLondon : _bContinuum International Publishing Group, _c2006. |
||
| 300 |
_a122 p. : _c20 cm. |
||
| 440 | _aThe SEN series | ||
| 521 | _aEDU | ||
| 650 | _aEpilepsy. | ||
| 700 | _aJohnson, Mike | ||
| 942 |
_cBK _2lcc _kFOR |
||
| 999 |
_c23097 _d23097 |
||